Sinh lý học người và động vật Dùng cho sinh viên cao đẳng, đại học chuyên ngành Sinh học, Công nghệ sinh học và giáo viên sinh học THPT

Đã lưu trong:
Bibliografiske detaljer
Hovedforfatter: Nguyễn Như Hiền
Andre forfattere: Nguyễn Hồng Hạnh
Format: Bog
Sprog:Vietnamese
Udgivet: H. Giáo dục 2007
Fag:
Tags: Tilføj Tag
Ingen Tags, Vær først til at tagge denne postø!
Thư viện lưu trữ: Trung tâm Học liệu Lê Vũ Hùng, Trường Đại học Đồng Tháp
LEADER 01042pam a22002538a 4500
001 00024151
005 20171026081025.0
008 110712s2007 ||||||viesd
020 |c 31500 
041 0 # |a vie 
082 1 4 |a 571.1  |b S312L 
100 0 # |a Nguyễn Như Hiền 
245 0 0 |a Sinh lý học người và động vật  |b Dùng cho sinh viên cao đẳng, đại học chuyên ngành Sinh học, Công nghệ sinh học và giáo viên sinh học THPT  |c Nguyễn Như Hiền, Nguyễn Hồng Hạnh 
260 # # |a H.  |b Giáo dục  |c 2007 
300 # # |a 295tr.  |c 24cm. 
653 # # |a Người 
653 # # |a Động vật 
653 # # |a Sinh lí học 
700 0 # |a Nguyễn Hồng Hạnh 
852 # # |b Kho giáo trình  |j KGT.0010043, KGT.0010044, KGT.0010045, KGT.0010046 
852 # # |j KGT.0010043  |j KGT.0010044  |j KGT.0010045  |j KGT.0010046 
852 # # |b Kho mượn  |j KGT.0010043 
910 |d 12/07/2011 
980 # # |a Trung tâm Học liệu Lê Vũ Hùng, Trường Đại học Đồng Tháp